| Поле | Инд. | ПП | Название | Значение |
|---|---|---|---|---|
| Тип записи | a | |||
| Библиографический уровень | m | |||
| 001 | Контрольный номер | fcfe5e3315014629892027c4092f552e | ||
| 005 | Дата корректировки | 20260522125549.9 | ||
| 040 | a | Служба первич. каталог. | 10013504 | |
| b | Код языка каталог. | rus | ||
| e | Правила каталог. | PSBO | ||
| 041 | 0_ | a | Код языка текста | rus |
| 090 | a | Полочн. индекс | Дис. | |
| x | Авторский знак | Ш 84 | ||
| r | Идентификатор организации | 10013504 | ||
| 100 | 1_ | a | Автор | Шприц Б.Б. |
| 245 | 10 | a | Заглавие | Исследование процессов и изыскание оптимальных режимов изготовления литейных форм по выплавляемым моделям |
| b | Продолж. заглавия | диссертация ... кандидата технических наук | ||
| c | Ответственность | науч. рук. В.А. Озеров ; МАТИ | ||
| 260 | a | Место издания | Москва | |
| c | Дата издания | 1969 | ||
| 300 | a | Объем | 184 с. | |
| b | Иллюстрации/ тип воспроизводства | ил. | ||
| 504 | a | Библиография | Библиогр.: с. 147-165 (172 назв.) | |
| 653 | 0_ | a | Ключевые слова | ДИССЕРТАЦИИ; АВТОР МАТИ; ЛИТЕЙНЫЕ ФОРМЫ; ЛИТЬЕ ПО ВЫПЛАВЛЯЕМЫМ МОДЕЛЯМ |
| 700 | 12 | a | Другие авторы | Озеров В.А. |
| q | Полное имя | Озеров Владимир Александрович | ||
| e | Роль лиц | Научный руководитель | ||
| 901 | t | Тип документа | d | |
| 952 | a | Тип литературы для КСУ ВШ | КДНР | |
| c | Вид литературы | диссертация |